Filosofía de las leyes naturales /
Guardado en:
| Autor Principal: | |
|---|---|
| Formato: | Libro |
| Publicado: |
Buenos Aires :
Troquel,
1980
|
| Materias: | |
| Etiquetas: |
Agregar Etiqueta
Sin Etiquetas, Sea el primero en etiquetar este registro!
|
| LEADER | 00739nam a22002175a 4500 | ||
|---|---|---|---|
| 001 | CEM.cems004882 | ||
| 005 | 20060217000000.0 | ||
| 008 | 130507s1980##################000#0#####d | ||
| 003 | CEMS | ||
| 082 | 0 | 4 | |a 501 |
| 100 | 1 | |a Papp, Desiderio | |
| 245 | 1 | 0 | |a Filosofía de las leyes naturales / |c Edición Actualizada / |
| 260 | |a Buenos Aires : |b Troquel, |c 1980 | ||
| 300 | |a 199 p. | ||
| 505 | 0 | |a El desarrollo, la ense¤anza de la ciencia a traves de la Colonia, la Independencia; la Organización naciónal y durante el siglo XX.- | |
| 653 | |a Ciencia-filosofia | ||
| 653 | |a Ciencia-leyes | ||
| 653 | |a Filosofia | ||
| 653 | |a Filosofia de la ciencia | ||
| 653 | |a Filosofia natural | ||
| 859 | |a CEMS |b BIB. CEMS - 11 de abril |h 501 |i P198 |p 12129.83 |t Ej.1 | ||
